[Event "World Rapid 2022"]
[Site "Almaty KAZ"]
[Date "2022.12.28"]
[Round "12.53"]
[White "Kadric, Denis"]
[Black "Brunello, Sabino"]
[Result "1/2-1/2"]
[WhiteTitle "GM"]
[BlackTitle "GM"]
[WhiteElo "2584"]
[BlackElo "2519"]
[WhiteFideId "14403803"]
[BlackFideId "813613"]
[EventDate "2022.12.26"]

1. e4 c5 2. Nc3 e6 3. Nf3 Nc6 4. d4 cxd4 5. Nxd4 Qc7 6. Be3 a6 7. f4 d6 8. Nb3
b5 9. Bd3 Bb7 10. O-O Nf6 11. Qf3 Be7 12. Qh3 h5 13. Kh1 Nb4 14. a3 Nxd3 15.
cxd3 Rc8 16. Nd4 Ng4 17. Bg1 g6 18. Rae1 e5 19. Nc2 Qd7 20. Nb4 exf4 21. d4 g5
22. Qd3 h4 23. Nbd5 Bd8 24. h3 Nf6 25. Nxf6+ Bxf6 26. e5 dxe5 27. Ne4 Be7 28.
Nxg5 Bxg5 29. Rxe5+ Be7 30. Rfe1 Rc7 31. d5 Rh6 32. b4 Kd8 33. Qe4 f3 34. Qxf3
Bd6 35. Re8+ Qxe8 36. Rxe8+ Kxe8 37. Qe3+ Re7 38. Qxh6 Bg3 39. Qh8+ Kd7 40. Qh5
Ke8 41. Qh8+ Kd7 42. Qh5 Ke8 43. Qh8+ Kd7 44. Qh5 1/2-1/2

[Event "World Rapid 2022"]
[Site "Almaty KAZ"]
[Date "2022.12.28"]
[Round "12.54"]
[White "Svane, Frederik"]
[Black "Shankland, Sam"]
[Result "1-0"]
[WhiteTitle "GM"]
[BlackTitle "GM"]
[WhiteElo "2568"]
[BlackElo "2710"]
[WhiteFideId "12923044"]
[BlackFideId "2004887"]
[EventDate "2022.12.26"]

1. e4 c5 2. Ne2 Nc6 3. d4 cxd4 4. Nxd4 Nf6 5. Nc3 d6 6. Bg5 e6 7. Qd2 a6 8.
O-O-O Bd7 9. f4 Be7 10. Nf3 b5 11. Bxf6 gxf6 12. f5 Qb6 13. Bd3 O-O-O 14. Qh6
Kb8 15. Kb1 Rc8 16. Qh5 Rhf8 17. Ne2 Qc5 18. Rc1 a5 19. c3 b4 20. Rhd1 Qb6 21.
Bc2 bxc3 22. Nxc3 Nb4 23. fxe6 fxe6 24. Bb3 Na6 25. Qxh7 Rfe8 26. Ba4 Bxa4 27.
Nxa4 Qb7 28. Nd4 f5 29. Nc3 fxe4 30. Nxe6 e3 31. Qd3 Nb4 32. Qxe3 Bd8 33. Rxd6
Bc7 34. Rd4 Bb6 35. Qe5+ Ka8 36. Rd6 Bc5 37. Rd2 Bb6 38. Qf5 Be3 39. Qxa5+ Qa7
40. Qxa7+ Kxa7 41. Rd7+ Kb8 42. Ng7 Bxc1 43. Nxe8 Bxb2 44. Kxb2 Rxe8 45. h4 Rg8
46. Kb3 Nc6 47. h5 Kc8 48. Rd6 Ne7 49. Nd5 Nxd5 50. Rxd5 Rxg2 51. a4 Rh2 52. Kb4
Kc7 53. Rg5 Kb6 54. a5+ Ka6 55. Kc4 Rh4+ 56. Kd3 1-0

[Event "World Rapid 2022"]
[Site "Almaty KAZ"]
[Date "2022.12.28"]
[Round "12.55"]
[White "Sjugirov, Sanan"]
[Black "Makarian, Rudik"]
[Result "1/2-1/2"]
[WhiteTitle "GM"]
[BlackTitle "IM"]
[WhiteElo "2712"]
[BlackElo "2554"]
[WhiteFideId "4189302"]
[BlackFideId "44105681"]
[EventDate "2022.12.26"]

1. d4 Nf6 2. c4 g6 3. Nc3 Bg7 4. e4 d6 5. Nf3 O-O 6. h3 e5 7. d5 Na6 8. Be3 Nc5
9. Nd2 a5 10. g4 a4 11. Be2 c6 12. g5 Ne8 13. h4 Qa5 14. Qc2 Nc7 15. a3 Bd7 16.
h5 Rab8 17. Kf1 b5 18. Kg2 b4 19. axb4 Rxb4 20. Bxc5 Qxc5 21. Nxa4 Qa7 22. h6
Bh8 23. c5 Qb8 24. cxd6 Nxd5 25. exd5 cxd5 26. Nc5 Qxd6 27. Qc3 Rb6 28. Nde4 Qc6
29. Nxd7 Qxd7 30. Nf6+ Bxf6 31. gxf6 Qf5 32. Qf3 Qg5+ 33. Kf1 e4 34. Qe3 Qxf6
35. Rd1 Rd8 36. Qd4 Qxd4 37. Rxd4 Rxb2 38. Rh3 f5 39. Rc3 Kf7 40. Rc6 Rb7 41.
Ra4 Rdd7 42. Raa6 Ra7 43. Rf6+ Kg8 44. Rae6 Re7 45. Rd6 Red7 46. Bb5 Rxd6 47.
Rxd6 Kf7 48. Bc6 Ke7 49. Rxd5 Kf6 50. Rb5 Re7 51. Kg2 Kg5 52. Kg3 Kxh6 53. Kf4
Rc7 54. Rb6 Ra7 55. Bd5 Ra1 56. Rb7 Rf1 57. Kg3 Rg1+ 58. Kh2 Rg4 59. Bg8 Kg5 60.
Rxh7 Kf4 61. Rh3 g5 62. Bc4 Rh4 63. Rxh4+ gxh4 64. Be2 Kg5 65. Kh3 f4 66. Bc4 f3
67. Bd5 Kf4 68. Kxh4 e3 69. fxe3+ Kxe3 70. Bxf3 1/2-1/2

[Event "World Rapid 2022"]
[Site "Almaty KAZ"]
[Date "2022.12.28"]
[Round "12.56"]
[White "Hambleton, Aman"]
[Black "Aravindh, Chithambaram VR."]
[Result "0-1"]
[WhiteTitle "GM"]
[BlackTitle "GM"]
[WhiteElo "2437"]
[BlackElo "2607"]
[WhiteFideId "2606577"]
[BlackFideId "5072786"]
[EventDate "2022.12.26"]

1. d4 Nf6 2. Bf4 Nh5 3. Bc1 Nf6 4. Bf4 d5 5. e3 c5 6. c3 Nc6 7. Nd2 e6 8. Ngf3
Bd6 9. Bg3 O-O 10. Bd3 b6 11. e4 Be7 12. e5 Nh5 13. Ng5 Bxg5 14. Qxh5 g6 15. Qe2
cxd4 16. h4 Bh6 17. h5 dxc3 18. bxc3 Bg7 19. Nf3 Qe7 20. O-O Bb7 21. Bh4 Qc5 22.
Rac1 d4 23. cxd4 Nxd4 24. Nxd4 Qxd4 25. Be7 Rfc8 26. hxg6 hxg6 27. Rxc8+ Rxc8
28. Re1 Bd5 29. Bd6 Bf8 30. Ba6 Rc3 31. Rd1 Qf4 32. Qd2 Qe4 33. Bf1 Rc2 34. Qg5
Qf5 35. Qd8 Qxf2+ 36. Kh2 Qf4+ 37. Kg1 Qf2+ 38. Kh2 Bxg2 39. Qxf8+ Kh7 0-1

[Event "World Rapid 2022"]
[Site "Almaty KAZ"]
[Date "2022.12.28"]
[Round "12.57"]
[White "Demchenko, Anton"]
[Black "Tin, Jingyao"]
[Result "0-1"]
[WhiteTitle "GM"]
[BlackTitle "GM"]
[WhiteElo "2632"]
[BlackElo "2562"]
[WhiteFideId "4160258"]
[BlackFideId "5804418"]
[EventDate "2022.12.26"]

1. e4 c6 2. d4 d5 3. e5 c5 4. Nf3 cxd4 5. Nxd4 Nc6 6. Nxc6 bxc6 7. Bd3 e6 8. Nd2
Ne7 9. Qe2 c5 10. c3 Nc6 11. Nf3 Be7 12. h4 h6 13. Rh3 a5 14. h5 Qb6 15. Rg3 Bf8
16. Rg4 Ba6 17. Bxa6 Qxa6 18. c4 Rb8 19. Rb1 Rb4 20. Bd2 Ra4 21. a3 Qb7 22. Kf1
Be7 23. Qd3 Rxc4 24. Rxc4 dxc4 25. Qxc4 O-O 26. Bc3 Rd8 27. Re1 Rd5 28. Kg1 Bd8
29. Qg4 Qd7 30. Qa4 Nxe5 31. Qe4 Nxf3+ 32. Qxf3 a4 33. g3 Bg5 34. Qg4 Kf8 35.
Qc4 Bf6 36. Bxf6 gxf6 37. Re4 Qb7 38. Qxa4 Qxb2 39. Re1 Rxh5 40. Rd1 Kg7 41.
Qg4+ Rg5 42. Qf3 h5 43. Rd7 h4 44. g4 f5 45. Qe3 Rxg4+ 46. Kh2 Qa1 47. f3 Rg6
48. Rd2 Qc1 49. a4 h3 50. a5 Qf1 51. Qe5+ Kh7 0-1

[Event "World Rapid 2022"]
[Site "Almaty KAZ"]
[Date "2022.12.28"]
[Round "12.58"]
[White "Sanal, Vahap"]
[Black "Arjun, Kalyan"]
[Result "1-0"]
[WhiteTitle "GM"]
[BlackTitle "GM"]
[WhiteElo "2597"]
[BlackElo "2505"]
[WhiteFideId "6300545"]
[BlackFideId "35018701"]
[EventDate "2022.12.26"]

1. e4 e5 2. Nf3 Nc6 3. d3 Nf6 4. Be2 d5 5. Nbd2 Bc5 6. O-O O-O 7. c3 a5 8. h3 h6
9. Re1 Re8 10. exd5 Nxd5 11. Bf1 Bf5 12. Nc4 Qf6 13. Ne3 Nxe3 14. Bxe3 Bf8 15.
d4 exd4 16. Nxd4 Nxd4 17. Bxd4 Qg6 18. Qb3 b6 19. Qb5 Re6 20. Rxe6 Qxe6 21. Bc4
Qg6 22. Re1 Bxh3 23. Bd5 Rd8 24. Be4 Bd7 25. Qc4 Qd6 26. Bd5 Be8 27. Rxe8 Qxd5
28. Qxd5 Rxd5 29. Rc8 c5 30. Be3 f6 31. Rb8 Rd6 32. Bf4 Rc6 33. g4 g5 34. Bg3 c4
35. f3 Kf7 36. Bf2 Bc5 37. Bxc5 bxc5 38. Kf2 Ke6 39. a4 Kd5 40. Rb5 Ra6 41. Ke3
Re6+ 42. Kd2 Ra6 43. Rb8 Ke5 44. Ke3 Rd6 45. Rb5 Rd3+ 46. Ke2 Kf4 47. Rxc5 Re3+
48. Kd2 Rxf3 49. Rxc4+ Kg3 50. b4 axb4 51. cxb4 f5 52. gxf5 Rxf5 53. a5 h5 54.
a6 h4 55. Rc3+ Kg4 56. Ra3 Rf2+ 57. Kc3 Rf3+ 58. Kb2 Rf2+ 59. Kb3 Rf3+ 60. Ka4
Rf8 61. b5 h3 62. Ra1 h2 63. a7 Kh3 64. b6 g4 65. b7 Rf4+ 66. Kb5 Rf5+ 67. Kc4
Rf4+ 68. Kc5 Rf5+ 69. Kd6 Rf6+ 70. Ke5 Ra6 1-0

[Event "World Rapid 2022"]
[Site "Almaty KAZ"]
[Date "2022.12.28"]
[Round "12.59"]
[White "Muradli, Mahammad"]
[Black "Fedorov, Alexei"]
[Result "1-0"]
[WhiteTitle "GM"]
[BlackTitle "GM"]
[WhiteElo "2540"]
[BlackElo "2475"]
[WhiteFideId "13409301"]
[BlackFideId "13500465"]
[EventDate "2022.12.26"]

1. d4 Nf6 2. c4 g6 3. Nc3 Bg7 4. e4 d6 5. h3 Nbd7 6. Be3 e5 7. d5 Nc5 8. Qc2 Nh5
9. b4 Nd7 10. a3 a5 11. Rb1 axb4 12. axb4 O-O 13. Be2 Nf4 14. Bf3 f5 15. g3 Qe7
16. Kf1 fxe4 17. Nxe4 Nf6 18. Nxf6+ Qxf6 19. gxf4 exf4 20. Bc1 Bf5 21. Be4 Ra2
22. Qxa2 Bxe4 23. f3 Bd3+ 24. Ne2 Re8 25. Rh2 Qh4 26. Qb3 Rxe2 27. Rxe2 Qxh3+
28. Ke1 Qxf3 29. Rbb2 Bxe2 30. Qxf3 Bxf3 31. Rf2 Be4 32. Bxf4 Bc3+ 33. Bd2 Bg7
34. Re2 Bf5 35. Re7 h5 36. Bg5 Bc3+ 37. Ke2 Bxb4 38. Rxc7 b6 39. Bd8 Bg4+ 40.
Kd3 Bf5+ 41. Ke2 Bg4+ 42. Ke3 Bc5+ 43. Kf4 Be2 44. Kg5 Bxc4 45. Kxg6 Bxd5 46.
Bg5 Be4+ 47. Kxh5 b5 48. Bf6 b4 49. Kg5 b3 50. Bb2 Kf8 51. Kf6 Kg8 52. Rc8+ Kh7
53. Re8 1-0

[Event "World Rapid 2022"]
[Site "Almaty KAZ"]
[Date "2022.12.28"]
[Round "12.60"]
[White "Tang, Andrew"]
[Black "Jumabayev, Rinat"]
[Result "1-0"]
[WhiteTitle "GM"]
[BlackTitle "GM"]
[WhiteElo "2540"]
[BlackElo "2609"]
[WhiteFideId "2059630"]
[BlackFideId "13702661"]
[EventDate "2022.12.26"]

1. d4 d6 2. c4 g6 3. Nc3 Bg7 4. e4 Nf6 5. f3 O-O 6. Nge2 Nbd7 7. Bg5 a6 8. Qd2
b5 9. Ng3 c5 10. cxb5 cxd4 11. Qxd4 Nc5 12. Qe3 Ne6 13. Bh6 Bxh6 14. Qxh6 Qb6
15. Qd2 h5 16. h4 axb5 17. Bxb5 Nd4 18. Bc4 Be6 19. Bxe6 fxe6 20. Rd1 e5 21.
Nge2 Ne6 22. Nd5 Nxd5 23. Qxd5 Kf7 24. Qb3 Rfb8 25. Qxb6 Rxb6 26. Nc3 Rxb2 27.
Rd2 Rb7 28. Kf2 Ra3 29. Rc1 Nc5 30. Rcc2 Rb4 31. Nd5 Rb1 32. Rc3 Ra7 33. Ne3 Ra1
34. Rcc2 Rh1 35. Kg3 Ra3 36. Re2 Ne6 37. Nc4 Ra4 38. Nb6 Ra6 39. Rb2 Nc5 40. Nc4
Ra4 41. Rbc2 Ne6 42. Nb6 Ra7 43. Red2 g5 44. hxg5 Nxg5 45. Nd5 Ne6 46. Rc8 Nc5
47. Re2 Ra1 48. Nb4 Ne6 49. Rb2 Ra3 50. Rb8 Ra7 51. Nc6 Rc7 52. Nb4 Nf4 53. Rd2
Rb1 54. Nd5 Rxb8 55. Nxc7 Rg8+ 56. Kh2 Rc8 57. Nb5 Rc1 58. Na3 Rc5 59. Nc2 e6
60. Nb4 Ke7 61. a4 Kd7 62. Ra2 Ra5 63. g3 Ng6 64. Nd3 d5 65. Rb2 Kc6 66. Rb4 Ra8
67. Kh3 Rf8 68. Kg2 Rd8 69. Rb3 h4 70. a5 dxe4 71. fxe4 Rd4 72. Rb6+ Kc7 73. Nc5
Rc4 74. Nxe6+ Kc8 75. a6 Rc2+ 76. Kh3 hxg3 77. a7 Ra2 78. Rb8+ Kd7 79. Nf8+ Nxf8
80. Rxf8 g2 81. Kh2 1-0

[Event "World Rapid 2022"]
[Site "Almaty KAZ"]
[Date "2022.12.28"]
[Round "12.61"]
[White "Zhalmakhanov, Ramazan"]
[Black "Petrov, Nikita"]
[Result "0-1"]
[WhiteTitle "IM"]
[BlackTitle "GM"]
[WhiteElo "2401"]
[BlackElo "2537"]
[WhiteFideId "13706357"]
[BlackFideId "4101286"]
[EventDate "2022.12.26"]

1. d4 Nf6 2. Nc3 d5 3. Bf4 Bf5 4. e3 e6 5. Bd3 c6 6. Bxf5 exf5 7. Nf3 Nbd7 8.
O-O Be7 9. Ne2 O-O 10. c4 dxc4 11. Qc2 Ne4 12. Ng3 Nxg3 13. Bxg3 g6 14. Qxc4 Nb6
15. Qc2 Nd5 16. Ne5 h5 17. h3 Bd6 18. Bh2 Kg7 19. Nf3 Bxh2+ 20. Kxh2 Re8 21. Kg1
Qf6 22. Rac1 Re7 23. Rfe1 Rae8 24. Ne5 Qe6 25. Qa4 a6 26. Qb3 Qd6 27. Re2 f6 28.
Nc4 Qc7 29. Rce1 b5 30. Na3 g5 31. Qd3 Qd7 32. Nb1 g4 33. Nc3 gxh3 34. gxh3 Kh8
35. Kh2 Qd6+ 36. f4 Nxe3 37. Rf2 Ng4+ 38. hxg4 Rxe1 39. Qxf5 Qxd4 40. Rg2 Rf1
41. Qxh5+ Kg7 42. Qxe8 Qxf4+ 43. Rg3 Qf2+ 44. Rg2 Qh4# 0-1

[Event "World Rapid 2022"]
[Site "Almaty KAZ"]
[Date "2022.12.28"]
[Round "12.62"]
[White "Sankalp, Gupta"]
[Black "Christiansen, Johan-Sebastian"]
[Result "1-0"]
[WhiteTitle "GM"]
[BlackTitle "GM"]
[WhiteElo "2485"]
[BlackElo "2578"]
[WhiteFideId "5097010"]
[BlackFideId "1512668"]
[EventDate "2022.12.26"]

1. e4 e5 2. Nf3 Nc6 3. d4 exd4 4. Nxd4 Nf6 5. Nxc6 bxc6 6. Nd2 d5 7. exd5 cxd5
8. Bb5+ Bd7 9. Bxd7+ Qxd7 10. O-O Be7 11. b3 O-O 12. Bb2 Qf5 13. Rc1 Rfe8 14.
Qf3 Qg5 15. Rfd1 Rad8 16. h3 Nh5 17. Nf1 Nf4 18. Ne3 Bc5 19. h4 Rxe3 20. fxe3
Bxe3+ 21. Kf1 Qg6 22. Qxe3 Qxg2+ 23. Ke1 Qh2 24. Be5 Re8 25. Bxf4 Rxe3+ 26. Bxe3
Qxh4+ 27. Bf2 Qe4+ 28. Kd2 d4 29. Rf1 Qf4+ 30. Kd3 c5 31. Kc4 Qd6 32. c3 d3 33.
Bxc5 Qa6+ 34. Kd4 d2 35. Ra1 Qe2 36. c4 a5 37. Kc3 h5 38. Bd4 h4 39. Rfd1 Qf3+
40. Kb2 h3 41. Rxd2 g5 42. c5 g4 43. Rc1 Qf4 44. Rdd1 h2 45. c6 h1=Q 46. Rxh1
Qxd4+ 47. Rc3 Qd2+ 48. Rc2 Qd4+ 49. Kb1 Qe4 50. Rc1 Qe8 51. c7 Qc8 52. Rd1 Kg7
53. Rd8 Qe6 54. c8=Q Qe1+ 1-0

[Event "World Rapid 2022"]
[Site "Almaty KAZ"]
[Date "2022.12.28"]
[Round "12.63"]
[White "Dardha, Daniel"]
[Black "Tsaruk, Maksim"]
[Result "1-0"]
[WhiteTitle "GM"]
[BlackTitle "FM"]
[WhiteElo "2606"]
[BlackElo "2373"]
[WhiteFideId "240990"]
[BlackFideId "13511173"]
[EventDate "2022.12.26"]

1. Nf3 Nf6 2. c4 e6 3. Nc3 d5 4. e3 Be7 5. b3 b6 6. Bb2 Bb7 7. cxd5 exd5 8. Ne2
O-O 9. Ng3 Ne4 10. Be2 Bf6 11. Qc2 c5 12. d3 Bxb2 13. Qxb2 Qf6 14. Qxf6 Nxf6 15.
d4 g6 16. Rc1 Nbd7 17. O-O Rfc8 18. Rfd1 Nf8 19. Bf1 Ne6 20. Ne2 Ne4 21. g3 a5
22. a4 Ba6 23. dxc5 N6xc5 24. Ned4 Bxf1 25. Kxf1 Rc7 26. Nb5 Re7 27. Nfd4 Rc8
28. Kg2 h5 29. Rc2 Kg7 30. h4 Rd7 31. Rdc1 Re8 32. Rd1 Rc8 33. Nf3 Re8 34. Nbd4
Nf6 35. Rb1 Ng4 36. b4 axb4 37. Rxb4 Ne4 38. Rxb6 Ra8 39. Rb4 Rda7 40. Ra2 Nc3
41. Ra3 Ne4 42. Ra2 Nc3 43. Rc2 Ne4 44. Ng5 Rxa4 45. Rb7 R8a7 46. Nge6+ Kh7 47.
Rcc7 Rxb7 48. Rxb7 Kg8 49. Rb8+ Kh7 50. Rb7 Kg8 51. Rb8+ Kh7 52. Rb7 Ne5 53.
Ng5+ Nxg5 54. hxg5 Kg8 55. Rb2 Nc4 56. Rc2 Ra3 57. Nb5 Rd3 58. Nc7 Nd6 59. Kf3
Ne4 60. Kf4 Kg7 61. Ne8+ Kf8 62. Nf6 Nc3 63. Ke5 Kg7 64. Rc1 d4 65. exd4 Rf3 66.
Ne8+ Kf8 67. Nd6 Kg7 68. d5 Rd3 69. Ne8+ Kf8 70. Nf6 Rf3 71. Ra1 Rf5+ 72. Kd4
Nb5+ 73. Kc5 Nc7 74. Kc6 Nxd5 75. Ra8+ Ke7 76. Nxd5+ 1-0

[Event "World Rapid 2022"]
[Site "Almaty KAZ"]
[Date "2022.12.28"]
[Round "12.64"]
[White "Bilguun, Sumiya"]
[Black "Harsha, Bharathakoti"]
[Result "0-1"]
[WhiteTitle "GM"]
[BlackTitle "GM"]
[WhiteElo "2474"]
[BlackElo "2593"]
[WhiteFideId "4901541"]
[BlackFideId "5078776"]
[EventDate "2022.12.26"]

1. e4 c5 2. Nc3 a6 3. g3 b5 4. Bg2 Bb7 5. d3 e6 6. Nh3 b4 7. Ne2 d5 8. O-O Nf6
9. e5 Nfd7 10. f4 Nc6 11. Ng5 Be7 12. h4 h6 13. Nf3 h5 14. Kh2 Qc7 15. c3 a5 16.
d4 g6 17. Be3 Ba6 18. Re1 Rb8 19. dxc5 Nxc5 20. Bxc5 Bxc5 21. Ned4 bxc3 22. bxc3
O-O 23. f5 exf5 24. Nxf5 gxf5 25. Qd2 Ne7 26. Qg5+ Ng6 27. Qh6 Be7 28. Nd4 Nxe5
29. Bh3 Rb2+ 30. Kh1 Ng4 31. Bxg4 Qxg3 32. Be2 Qxh4+ 33. Kg1 Bxe2 34. Rxe2 Rxe2
35. Nxe2 Bc5+ 36. Kg2 Qe4+ 37. Kh3 Qg4+ 0-1

[Event "World Rapid 2022"]
[Site "Almaty KAZ"]
[Date "2022.12.28"]
[Round "12.65"]
[White "Ghaem Maghami, Ehsan"]
[Black "Khusnutdinov, Rustam"]
[Result "1-0"]
[WhiteTitle "GM"]
[BlackTitle "GM"]
[WhiteElo "2490"]
[BlackElo "2441"]
[WhiteFideId "12500739"]
[BlackFideId "13701703"]
[EventDate "2022.12.26"]

1. c4 b6 2. Nc3 Bb7 3. d4 e6 4. a3 f5 5. Nf3 Nf6 6. d5 Na6 7. g3 Nc5 8. Bf4 Bd6
9. Bxd6 cxd6 10. Bg2 O-O 11. Nd2 exd5 12. cxd5 Qe7 13. O-O Ba6 14. b4 Nce4 15.
Ndxe4 Nxe4 16. Bxe4 fxe4 17. Qd4 Rfe8 18. a4 Rac8 19. b5 Bb7 20. Nd1 Qe5 21.
Qxe5 Rxe5 22. Ne3 Bxd5 23. Rfd1 Be6 24. Rxd6 Rec5 25. Kg2 Rc1 26. Rxc1 Rxc1 27.
Rd1 Rxd1 28. Nxd1 Bb3 29. Nc3 Kf7 30. Nxe4 Bxa4 31. Nc3 Bb3 32. Kf3 g5 33. Ke4
Ke6 34. Kd4 h6 35. f3 d5 36. e3 Kd6 37. h3 Ke6 38. h4 Kd6 39. hxg5 hxg5 40. e4
g4 41. e5+ Ke6 42. f4 Bc4 43. Nxd5 1-0

[Event "World Rapid 2022"]
[Site "Almaty KAZ"]
[Date "2022.12.28"]
[Round "12.66"]
[White "Agmanov, Zhandos"]
[Black "Idani, Pouya"]
[Result "1/2-1/2"]
[WhiteTitle "IM"]
[BlackTitle "GM"]
[WhiteElo "2442"]
[BlackElo "2637"]
[WhiteFideId "13708309"]
[BlackFideId "12510130"]
[EventDate "2022.12.26"]

1. d4 Nf6 2. c4 e6 3. Nf3 c5 4. d5 d6 5. Nc3 exd5 6. cxd5 g6 7. e4 a6 8. a4 Bg4
9. Be2 Bg7 10. Nd2 Bxe2 11. Qxe2 O-O 12. O-O Nbd7 13. a5 Re8 14. Nc4 Qe7 15. f3
Ne5 16. Nb6 Rad8 17. Be3 h6 18. Rae1 g5 19. f4 gxf4 20. Bxf4 Nfd7 21. Nxd7 Qxd7
22. h3 Ng6 23. Be3 Re5 24. Qd2 Kh7 25. Rf2 Rf8 26. Ref1 f5 27. Qc2 fxe4 28. Rxf8
Nxf8 29. Nxe4 Kh8 30. Bd2 Rf5 31. Rf4 Bd4+ 32. Kh1 Rxf4 33. Bxf4 Qf5 34. Bxh6
Qf1+ 35. Kh2 Ng6 36. Qd2 Be5+ 37. Ng3 Nh4 38. Bg5 Ng6 39. Qe3 Qf7 40. Qe4 Qf2
41. Qg4 Qxb2 42. Qc8+ Kh7 43. Qd7+ Kg8 44. Qe6+ Kg7 45. Qd7+ Kg8 46. Qe6+ Kg7
47. Qd7+ Kg8 48. Qe6+ Kg7 49. Qd7+ 1/2-1/2

[Event "World Rapid 2022"]
[Site "Almaty KAZ"]
[Date "2022.12.28"]
[Round "12.67"]
[White "Batsuren, Dambasuren"]
[Black "Lintchevski, Daniil"]
[Result "1-0"]
[WhiteTitle "GM"]
[BlackTitle "GM"]
[WhiteElo "2525"]
[BlackElo "2548"]
[WhiteFideId "4902920"]
[BlackFideId "4171055"]
[EventDate "2022.12.26"]

1. d4 d5 2. c4 dxc4 3. e4 e5 4. Nf3 exd4 5. Bxc4 Bb4+ 6. Nbd2 Nc6 7. O-O Nf6 8.
e5 Nd5 9. Nb3 Be7 10. Nbxd4 Nxd4 11. Qxd4 Nb6 12. Bb3 Qxd4 13. Nxd4 O-O 14. Be3
c5 15. Nb5 Bd7 16. Nd6 Bxd6 17. exd6 c4 18. Bxb6 cxb3 19. Be3 bxa2 20. Rxa2 a6
21. Rc1 Bc6 22. Bb6 f6 23. b4 Rf7 24. Re2 Rc8 25. f3 Rd7 26. Bc7 Bb5 27. Ree1
Kf7 28. Kf2 Bc6 29. Rc3 Rcxc7 30. dxc7 Rxc7 31. Rd1 Re7 32. h4 h5 33. Rc5 Kg6
34. Rd6 Bb5 35. g4 hxg4 36. fxg4 Re4 37. h5+ Kh7 38. Rc7 Kh6 39. Rd8 Rxg4 40.
Rh8+ Kg5 41. Rxg7+ Kf4 42. h6 Rh4 43. Rxb7 Bc6 44. Rf7 Rh2+ 45. Ke1 Ke3 46. Rxf6
Rh1+ 47. Rf1 Rh2 48. Kd1 Bb5 49. Re1+ Kd3 50. h7 Bd7 51. Kc1 Kc3 52. Re3+ Kc4
53. Re7 Bf5 54. Kd1 Kc3 55. Rc7+ Kb3 56. Ke1 Bd3 57. Rd7 Bf5 58. Rf7 Be4 59. Re7
Rh4 60. Kf2 Bf5 61. Kg3 Rh1 62. Re3+ Kc4 63. Re7 Kb3 64. Kf4 Bb1 65. Re3+ Kb2
66. Re7 Kb3 67. Kg5 Rg1+ 68. Kf6 Rh1 69. Ke5 Rh6 70. Kd5 Bf5 71. Kc5 Bb1 72.
Re3+ Kb2 73. Re7 Kb3 74. Rd7 Bf5 75. Rd6 Rh4 76. Rxa6 Bxh7 77. b5 Rh5+ 78. Kd6
Rh1 79. b6 Rd1+ 80. Kc7 Rc1+ 81. Kb8 1-0

[Event "World Rapid 2022"]
[Site "Almaty KAZ"]
[Date "2022.12.28"]
[Round "12.68"]
[White "Utegaliyev, Azamat"]
[Black "Alonso Rosell, Alvar"]
[Result "1-0"]
[BlackTitle "GM"]
[WhiteElo "2445"]
[BlackElo "2561"]
[WhiteFideId "13702467"]
[BlackFideId "2270544"]
[EventDate "2022.12.26"]

1. e4 e5 2. Nf3 Nc6 3. Bb5 a6 4. Bxc6 dxc6 5. O-O Qf6 6. d3 Bd6 7. Nbd2 Ne7 8.
h3 g5 9. d4 Ng6 10. Nc4 h6 11. dxe5 Nxe5 12. Ncxe5 Bxe5 13. Nxe5 Qxe5 14. f4
Qc5+ 15. Kh1 Bd7 16. b4 Qc4 17. Bb2 Rg8 18. Bf6 g4 19. h4 Rg6 20. e5 Rxf6 21.
exf6 O-O-O 22. Qd3 Qxd3 23. cxd3 Be6 24. f5 Bd5 25. Kh2 Rd6 26. h5 Rxf6 27. a3
Bb3 28. Rf4 Rd6 29. d4 Bc2 30. Rc1 Bd3 31. Kg3 Kd7 32. Re1 a5 33. Kxg4 axb4 34.
axb4 Rd5 35. Re5 Kd6 36. Rxd5+ Kxd5 37. Kf3 f6 38. Ke3 Bc2 39. g4 Bd1 40. Kd2 1-0

[Event "World Rapid 2022"]
[Site "Almaty KAZ"]
[Date "2022.12.28"]
[Round "12.69"]
[White "Riazantsev, Alexander"]
[Black "Mamatov, Melis"]
[Result "1-0"]
[WhiteTitle "GM"]
[BlackTitle "FM"]
[WhiteElo "2626"]
[BlackElo "2399"]
[WhiteFideId "4125029"]
[BlackFideId "13800027"]
[EventDate "2022.12.26"]

1. d4 d5 2. c4 c6 3. Nc3 Nf6 4. e3 Bf5 5. f3 e6 6. g4 Bg6 7. h4 h5 8. g5 Ng8 9.
e4 Bb4 10. Qb3 Bxc3+ 11. bxc3 Qb6 12. cxd5 Qxb3 13. axb3 cxd5 14. exd5 exd5 15.
Nh3 Nc6 16. Nf4 Nge7 17. Ba3 O-O 18. Bb5 Rfe8 19. Bxe7 Rxe7+ 20. Kd2 Rd8 21.
Bxc6 bxc6 22. b4 Kh7 23. Ra6 Rc7 24. Rha1 Rdd7 25. R1a5 f6 26. gxf6 Bf7 27. Rc5
Rd6 28. fxg7 Kxg7 29. Nd3 Be8 30. Ne5 Kf6 31. Rca5 1-0

[Event "World Rapid 2022"]
[Site "Almaty KAZ"]
[Date "2022.12.28"]
[Round "12.70"]
[White "Ghasi, Ameet K"]
[Black "Begmuratov, Khumoyun"]
[Result "1-0"]
[WhiteTitle "IM"]
[BlackTitle "FM"]
[WhiteElo "2471"]
[BlackElo "2399"]
[WhiteFideId "409200"]
[BlackFideId "14210207"]
[EventDate "2022.12.26"]

1. Nf3 Nf6 2. g3 g6 3. b3 Bg7 4. Bb2 d6 5. d4 c6 6. Bg2 O-O 7. O-O Qc7 8. Nbd2
Nbd7 9. a4 e5 10. dxe5 Nxe5 11. Nxe5 dxe5 12. Nc4 Re8 13. Qd6 Qxd6 14. Nxd6 Re7
15. Ba3 Be6 16. Ne4 Rc7 17. Nc5 Bd7 18. Bb2 Re8 19. a5 Bc8 20. a6 b6 21. Nb7 Bf8
22. Rfd1 Nd5 23. c4 Nb4 24. Bc3 Bg4 25. h3 Bc8 26. Rd2 b5 27. Bxb4 Bxb4 28. Rc2
bxc4 29. Rxc4 c5 30. Rac1 Ba3 31. Ra1 Bb4 32. Rd1 Bd7 33. Rdc1 Ba3 34. Ra1 Bb4
35. Bd5 Bb5 36. Rc2 Rd7 37. e4 Bd3 38. Rcc1 Rc7 39. Ra4 Ree7 40. Nd6 Red7 41.
Ne8 Bb5 42. Rxb4 cxb4 43. Nxc7 Bd3 44. f3 Rd6 45. Rc6 1-0

[Event "World Rapid 2022"]
[Site "Almaty KAZ"]
[Date "2022.12.28"]
[Round "12.71"]
[White "Vakhidov, Jakhongir"]
[Black "Damjanovic, Vuk"]
[Result "1/2-1/2"]
[WhiteTitle "GM"]
[BlackTitle "FM"]
[WhiteElo "2607"]
[BlackElo "2361"]
[WhiteFideId "14201801"]
[BlackFideId "980021"]
[EventDate "2022.12.26"]

1. c4 e5 2. Nc3 Bb4 3. Nd5 a5 4. Nf3 Nc6 5. a3 Be7 6. e3 Nf6 7. Qc2 d6 8. b3 Be6
9. Nxe7 Qxe7 10. Bb2 O-O 11. Be2 Bg4 12. h3 Bh5 13. e4 Bxf3 14. Bxf3 Nd7 15. O-O
Nc5 16. Bg4 Ne6 17. Bxe6 Qxe6 18. f4 Qh6 19. Rae1 exf4 20. d4 Rfe8 21. Qf2 Re7
22. Qxf4 Qxf4 23. Rxf4 Rae8 24. g4 g5 25. Rf5 Rxe4 26. Rxg5+ Kf8 27. Rxe4 Rxe4
28. d5 Nd4 29. Bxd4 Rxd4 30. Rh5 Kg7 31. Rg5+ Kf8 32. Rh5 Rd3 33. Rxh7 Kg8 34.
Rh5 Rxb3 35. Rg5+ Kh7 36. h4 f6 37. Rf5 Rxa3 38. Rxf6 Rg3+ 39. Kf2 Rxg4 40. Rf7+
Rg7 41. Rf8 Rg4 42. Rf7+ Rg7 43. Rf8 Kg6 44. Ke3 b6 45. Kd3 Rh7 46. Rf4 Re7 47.
Rg4+ Kh5 48. Rf4 Kg6 49. Rg4+ Kf5 50. Rg5+ Kf4 51. Rh5 Kg4 52. Rh8 Kf5 53. Rh6
Rg7 54. Kc3 Rg3+ 55. Kb2 Rg4 56. Kb3 Ke5 57. Rh7 a4+ 58. Kb4 a3 59. Rxc7 Rxh4
60. Kxa3 Rh1 61. Rc6 Rb1 62. Ka2 Rb4 1/2-1/2